000 00713nam a2200289Ia 4500
005 20260324144806.0
008 008 260324s9999 xx 000 0 eng d
020 _a9780429489297
037 _aEBOOK
040 _aCRL
040 _beng
040 _cCRL
041 _2eng
041 _aeng
084 _qCRL
100 _aKenneth D. Gadow
_91220627
245 0 _aChildren on Medication Volume I
245 0 _bHyperactivity, Learning Disabilities, and Mental Retardation
260 _bTaylor and Francis
260 _c1986
365 _a
365 _b205
856 _uhttp://www.taylorfrancis.com/books/9780429489297
942 _cEBOOK
999 _c1827688
_d1827688